| 000 | 00424nam a22001337a 4500 | ||
|---|---|---|---|
| 082 | _a342.5491 | ||
| 100 | _aBasit, Muhammad Abdul | ||
| 245 |
_aThe Constitution of the Islamic Republic of Pakistan with Commentary / _cMuhammad Abdul Basit |
||
| 260 |
_aRawalpindi : _bFederal Law House, _c2016. |
||
| 300 |
_a1670 p. ; _c25 cm. |
||
| 942 |
_2ddc _cBK |
||
| 999 |
_c587238 _d587238 |
||